| 000 | 02699nam0a2200433 i 4500 | ||
|---|---|---|---|
| 001 | RU\NLR\BIBL_A\010582219 | ||
| 005 | 20260408084641.0 | ||
| 010 |
_a9785906051738 _9500 |
||
| 021 |
_aRU _b2014-84740 _95151 |
||
| 035 | _a(NILC)LIBNET\0000500974 | ||
| 035 | _a(NLR Aleph) 010582219 | ||
| 090 |
_a10466101 _c10466101 |
||
| 100 | _a20150113d2014 k y0rusy50 ca | ||
| 101 | 0 |
_arus _deng _erus _eeng |
|
| 102 | _aRU | ||
| 105 | _ay|||z|||011yy | ||
| 200 | 1 |
_aРоссийская государственность в периоды кризисов, войн и революций: власть, ценности, институты _dThe Russian statehood during the periods of crises, wars and revolutions: the power, values, institutes _e(к 100-летию начала Первой мировой войны) _f[Баранов А.В., Баранов Н.А., доктора полит. наук, профессора, Бляхер Л.Е., д.филос.н. и др.] _gпод ред. Евстифеева Р.В. _gРос. акад. нар. хоз-ва и гос. службы при Президенте Рос. Федерации РАНХиГС, Владим. фил. _zeng |
|
| 210 |
_aВладимир _c[б. и.] _d2014 |
||
| 215 |
_a399 с. _d20 |
||
| 300 | _aАвт. указаны на 3-й с. | ||
| 300 | _aРез. на англ. яз. | ||
| 320 | _aБиблиогр. в подстроч. примеч. | ||
| 510 | 1 |
_aThe Russian statehood during the periods of crises, wars and revolutions: the power, values, institutes _zeng |
|
| 607 |
_aРоссия _xПолитика и управление _92185909 _3RU\NLR\AUTH\661314244 |
||
| 686 |
_a63.3(2)5-33 _vLBC/M _2rubbk |
||
| 686 |
_a63.3(2)6-33 _vLBC/M _2rubbk |
||
| 686 | 1 | _aТ3(2)0-5 | |
| 701 | 1 |
_8rus _7ca _aБаранов _bА. В. _cд-р ист. наук, д-р полит. наук _f1966 - _gАндрей Владимирович _3RU\NLR\AUTH\7732796 _915804 |
|
| 701 | 1 |
_7ca _8rus _aБаранов _bН. А. _cд-р полит. наук _f1956- _gНиколай Алексеевич _916696 _3RU\NLR\AUTH\7733688 |
|
| 701 | 1 |
_aБляхер _bЛ. Е. _gЛеонид Ефимович |
|
| 702 | 1 |
_aЕвстифеев _bР. В. _gРоман Владимирович _4340 |
|
| 712 | 0 | 2 |
_4570 _aРоссийская академия народного хозяйства и государственной службы _bВладимирский филиал _3RU\NLR\AUTH\8810200081 _9288532 |
| 801 | 0 |
_aRU _bГПИБ России _c20141203 _grcr |
|
| 801 | 1 |
_aRU _bГПИБ России _c20141203 _grcr _2rusmarc |
|
| 830 | _a068 | ||
| 942 | _cBOOK | ||
| 980 | _aNBR | ||